000 00533nam a2200181Ia 4500
005 20250326125418.0
008 250326s9999 xx 000 0 und d
037 _aTextbook
040 _aFMSL
_beng
_cFMSL
041 _aeng
_2eng
084 _aX9W8(F55).56 K5
_qFMSL
100 _aShepherd W G
_9737248
245 0 _aEconomic performance under public ownership
_cShepherd W G
260 _aLondon
_bLondon, Yale University
_c1965
300 _a161p
942 _cTB
_hX9W8(F55).56 K5
999 _c1277945
_d1277945